| 000 -LEADER |
| fixed length control field |
00728cam a22002538i 4500 |
| 001 - CONTROL NUMBER |
| control field |
21530254 |
| 005 - DATE AND TIME OF LATEST TRANSACTION |
| control field |
20240130105521.0 |
| 008 - FIXED-LENGTH DATA ELEMENTS--GENERAL INFORMATION |
| fixed length control field |
200514s2021 nyu j b 000 0aeng |
| 010 ## - LIBRARY OF CONGRESS CONTROL NUMBER |
| LC control number |
2020022084 |
| 020 ## - INTERNATIONAL STANDARD BOOK NUMBER |
| International Standard Book Number |
9781529035650 X |
| Qualifying information |
(hardcover) |
| 040 ## - CATALOGING SOURCE |
| Original cataloging agency |
DLC |
| Language of cataloging |
eng |
| Description conventions |
rda |
| Transcribing agency |
DLC |
| 042 ## - AUTHENTICATION CODE |
| Authentication code |
pcc |
| 050 00 - LIBRARY OF CONGRESS CALL NUMBER |
| Classification number |
JF1525.W45 |
| Item number |
S65 2021 |
| 080 ## - UNIVERSAL DECIMAL CLASSIFICATION NUMBER |
| Universal Decimal Classification number |
32+34 S-69 |
| 100 1# - MAIN ENTRY--PERSONAL NAME |
| Personal name |
Snowden, Edward J., |
| Dates associated with a name |
1983- |
| Relator term |
author. |
| 9 (RLIN) |
21151 |
| 245 10 - TITLE STATEMENT |
| Title |
Permanent record / |
| Statement of responsibility, etc. |
Edward Snowden. |
| 264 #1 - PRODUCTION, PUBLICATION, DISTRIBUTION, MANUFACTURE, AND COPYRIGHT NOTICE |
| Place of production, publication, distribution, manufacture |
London : |
| Name of producer, publisher, distributor, manufacturer |
Macmillan, |
| Date of production, publication, distribution, manufacture, or copyright notice |
2019. |
| 300 ## - PHYSICAL DESCRIPTION |
| Extent |
339 pages ; |
| Dimensions |
24 cm. |
| 336 ## - CONTENT TYPE |
| Content type term |
text |
| Content type code |
txt |
| Source |
rdacontent |
| 600 10 - SUBJECT ADDED ENTRY--PERSONAL NAME |
| Personal name |
Snowden, Edward J., |
| Dates associated with a name |
1983- |
| 9 (RLIN) |
21151 |
| 653 ## - INDEX TERM--UNCONTROLLED |
| keyword |
Permanent record |
| 653 ## - INDEX TERM--UNCONTROLLED |
| keyword |
პოლიტიკა |
| 942 ## - ADDED ENTRY ELEMENTS (KOHA) |
| Source of classification or shelving scheme |
|
| Koha item type |
წიგნი |